The Ethiopian revolution (Record no. 42535)

MARC details
000 -LEADER
fixed length control field 00581nam a2200169 a 4500
008 - FIXED-LENGTH DATA ELEMENTS--GENERAL INFORMATION
fixed length control field 120416s1981 ||||||||||||||||| || u
020 ## - INTERNATIONAL STANDARD BOOK NUMBER
International Standard Book Number 086091741x
050 ## - LIBRARY OF CONGRESS CALL NUMBER
Classification number DT 387.95 Hal
100 ## - MAIN ENTRY--PERSONAL NAME
Personal name Halliday, Fred
245 14 - TITLE STATEMENT
Title The Ethiopian revolution
260 ## - PUBLICATION, DISTRIBUTION, ETC.
Place of publication, distribution, etc. London:
Name of publisher, distributor, etc. NLB
Date of publication, distribution, etc. 1981
300 ## - PHYSICAL DESCRIPTION
Extent 304p. : ill.
350 ## - PRICE (NR) (BK AM CF MU VM SE) [OBSOLETE]
Price 0.00
650 ## - SUBJECT ADDED ENTRY--TOPICAL TERM
Topical term or geographic name entry element ETHIOPIA--POLITICS AND GOVERNMENT-1974
650 ## - SUBJECT ADDED ENTRY--TOPICAL TERM
Topical term or geographic name entry element ETHIOPIA--HISTORY--REVOLUTION, 1974
995 ## - RECOMMENDATION 995 [LOCAL, UNIMARC FRANCE]
-- 0.00
-- CBU-MAIN LIBRARY (Kitwe)
-- 1
-- 5.95
-- DAMAGED
-- Main Library Open Access Collection
Holdings
Withdrawn status Lost status Source of classification or shelving scheme Damaged status Not for loan Home library Current library Shelving location Date acquired Total Checkouts Full call number Barcode Date last seen Price effective from Koha item type
          CBU-MAIN LIBRARY, KITWE. CBU-MAIN LIBRARY, KITWE.   11/30/2022   DT 387.95 Hal 000766 11/30/2022 11/30/2022 MONOGRAPH